| 000 | 01259nam0a2200337 4500 | ||
|---|---|---|---|
| 001 | RU\NLR\BIBL_A\012432551 | ||
| 005 | 20210125150748.0 | ||
| 010 |
_a978-5-6043788-5-4 _91000 |
||
| 021 |
_aRU _bКН-П-20-053061 _9КН-П-20-3967 |
||
| 035 | _a(NLR Aleph) 012432551 | ||
| 035 | _a(RuMoRGB)010418632 | ||
| 090 |
_a11884176 _c11884176 |
||
| 100 | _a20210115d2020 u y0rusy50 ca | ||
| 101 | 0 | _arus | |
| 102 | _aRU | ||
| 105 | _ay|||zzzz000zy | ||
| 181 | 0 |
_ai _baxxe |
|
| 182 | 0 | _an | |
| 200 | 1 |
_aГражданин налогоплательщик _fКонстантин Сасов |
|
| 203 |
_aТекст _bвизуальный _cнепосредственный |
||
| 210 |
_aМосква _cИкс-Хистори _d2020 |
||
| 215 |
_a318, [1] с. _d20 |
||
| 320 | _aБиблиогр. в подстроч. примеч. | ||
| 606 | 1 |
_aНалоговое обложение _xПравовое регулирование _yРоссийская Федерация _2nlr_sh1 _2nlr_sh2 _3RU\NLR\AUTH\661284104 |
|
| 686 | 1 | _aХ622.2 | |
| 700 | 1 |
_aСасов _bК. А. _gКонстантин Анатольевич |
|
| 942 | _cBOOK | ||
| 980 | _aNBR | ||
| 980 | _aNB | ||